| 000 | 00453 a2200169 4500 | ||
|---|---|---|---|
| 003 | Nust | ||
| 005 | 20170207153359.0 | ||
| 040 | _cNust | ||
| 082 | _a005.1 | ||
| 100 | _aSaeed , Rabeea BESE-11 | ||
| 245 |
_aITAC intelligent Traffic alalysis and control. (Hard / Soft-copy) _cRabeea Saeed & Mariam Iqbal BESE-11 |
||
| 260 |
_bMCS _cAugust 2009 |
||
| 300 | _a87p | ||
| 538 | _aAlmirah No 71 Shelf No 6 | ||
| 650 | _aUG Projects | ||
| 651 | _aUG CS Projects | ||
| 942 | _cTHS | ||
| 999 |
_c184892 _d184892 |
||